000 00330nam a22001457a 4500
008 250422b ||||| |||| 00| 0 eng d
020 _a7696433
041 _aeng
080 _21971
_a101KEA
082 _2101KEA
_a101KEA
100 _a42
101 _aFILOZOFI
245 _aSCIENCE AND CHANGE
_cHUGH KEARNEY
942 _2udc
_cBK
999 _c60670
_d60670